Score 0/33 Timer 10:00
1 Play Today
Rank Cat % Correct
LeaderClear Sky
90.9%
LeaderTall Shadow
86.4%
Jagged Peak
86.4%
Wind Runner
86.4%
Gorse Fur
86.4%
KitLightning Tail
86.4%
KitAcorn Fur
86.4%
KitThunder
86.4%
Leaf
81.8%
KitBirch
81.8%
KitAlder
81.8%
Gray Wing
81.8%
Dappled Pelt
81.8%
Shattered Ice
81.8%
Hawk Swoop
81.8%
Turtle Tail
81.8%
KitPebble Heart
81.8%
Rank Cat % Correct
KitSparrow Fur
81.8%
Falling Feather
77.3%
Quick Water
77.3%
Cloud Spots
77.3%
Jackdaw's Cry
77.3%
KitOwl Eyes
77.3%
RogueRiver Ripple
77.3%
Moon Shadow
72.7%
Frost
72.7%
Petal
68.2%
Rainswept Flower
68.2%
Fircone
63.6%
Nettle
63.6%
RogueDew
63.6%
RogueThorn
59.1%
RogueMisty
54.5%
Come Together.
Have Fun.
All Virtual.
We all need to come together. Play Sporcle's virtual live trivia to have fun, connect with people, and get your trivia on. Join a live hosted trivia game for your favorite pub trivia experience done virtually. If a virtual private party is more your thing, go here for details.

You're not logged in!

Compare scores with friends on all Sporcle quizzes.
OR
Log In

Sporcle TV

Today on Sporcle TV


Watch our educational content, quiz creation guides, and fun videos on Sporcle TV.

Show Comments

Extras

Top Quizzes Today


Score Distribution

Paid Content

Your Account Isn't Verified!

In order to create a playlist on Sporcle, you need to verify the email address you used during registration. Go to your Sporcle Settings to finish the process.

Report this User

Report this user for behavior that violates our Community Guidelines.

Details: